[Event "West Bromwich 4NCL op-B 9th"]
[Site "West Bromwich"]
[Date "2016.07.09"]
[Round "3.9"]
[White "Williams, Stephen"]
[Black "Malik, Faraz"]
[Result "0-1"]
[WhiteElo "1735"]
[BlackElo "1878"]
[PlyCount "102"]
[EventDate "2016.07.08"]
[EventType "swiss"]
[EventRounds "5"]
[EventCountry "ENG"]
[SourceTitle "EXT 2023"]
[Source "ChessBase"]
[SourceDate "2022.10.05"]
[SourceVersion "1"]
[SourceVersionDate "2022.10.05"]
[SourceQuality "1"]

1. d4 d5 2. c4 e6 3. Nc3 Nf6 4. Bg5 Be7 5. e3 0-0 6. Bd3 dxc4 7. Bxc4 a6 8. Qf3 Nbd7 9. Nge2 c5 10. 0-0 Qc7 11. d5 exd5 12. Bxd5 Nb6 13. Bb3 Bg4 14. Qg3 Bd6 15. Bf4 Bxf4 16. Nxf4 Bf5 17. Rac1 Rad8 18. Qg5 Bg6 19. Nxg6 hxg6 20. Rfd1 c4 21. Bc2 Rxd1+ 22. Rxd1 Rd8 23. Qh4 Rxd1+ 24. Bxd1 Qd6 25. Qd4 Qxd4 26. exd4 Nc8 27. Bf3 Nd6 28. Kf1 Kf8 29. Ke2 Ke7 30. Kd2 b5 31. a3 g5 32. h3 a5 33. Bc6 b4 34. Nb5 Nfe4+ 35. Ke3 f5 36. Nxd6 Nxd6 37. g3 Kf6 38. f3 Nc8 39. Bd5 Nb6 40. Bc6 Ke6 41. f4 gxf4+ 42. gxf4 Nd5+ 43. Kf3 c3 44. bxc3 bxa3 45. c4 Nc3 46. d5+ Kd6 47. Ke3 a2 48. Kd4 a1Q 49. c5+ Kc7 50. Ke5 Nb5+ 51. Kxf5 Nd4+ 0-1

[Event "Birmingham 4NCL op-B 7th"]
[Site "Birmingham"]
[Date "2016.01.31"]
[Round "4"]
[White "Modi, Kishan Jagdish"]
[Black "Malik, Faraz"]
[Result "0-1"]
[WhiteElo "1320"]
[BlackElo "1876"]
[PlyCount "83"]
[EventDate "2016.01.29"]
[EventType "swiss"]
[EventRounds "5"]
[EventCountry "ENG"]
[SourceTitle "CBM 170 Extra"]
[Source "ChessBase"]
[SourceDate "2016.02.25"]
[SourceVersion "1"]
[SourceVersionDate "2016.02.25"]
[SourceQuality "1"]

1. e4 c5 2. Nf3 Nc6 3. d4 cxd4 4. Nxd4 e6 5. Nc3 Qc7 6. Nxc6 bxc6 7. g3 Nf6 8. Bf4 Qb6 9. Rb1 Bb4 10. Bg2 Qa5 11. 0-0 Ba6 12. Re1 d5 13. exd5 Bxc3 14. bxc3 Rd8 15. d6 Nd5 16. Be5 0-0 17. Be4 g6 18. Qd2 f6 19. Bf4 e5 20. Bh6 Rf7 21. Bxd5 cxd5 22. c4 Qxd2 23. Bxd2 Bxc4 24. Bb4 Bxa2 25. Ra1 Bc4 26. f4 e4 27. Kf2 Rb7 28. c3 Kf7 29. Bc5 a6 30. Bb4 f5 31. h4 d4 32. Ba5 Rxd6 33. cxd4 Rxd4 34. Bc3 Rd3 35. Be5 Rf3+ 36. Kg2 Rbb3 37. Rec1 Rxg3+ 38. Kh2 Bb5 39. Rc7+ Ke6 40. Rxh7 Rh3+ 41. Kg2 Rbg3+ 42. Kf2 0-1

[Event "Birmingham 4NCL op-B 7th"]
[Site "Birmingham"]
[Date "2016.01.30"]
[Round "3"]
[White "Malik, Faraz"]
[Black "Williams, Stephen"]
[Result "1/2-1/2"]
[WhiteElo "1876"]
[BlackElo "1747"]
[PlyCount "119"]
[EventDate "2016.01.29"]
[EventType "swiss"]
[EventRounds "5"]
[EventCountry "ENG"]
[SourceTitle "CBM 170 Extra"]
[Source "ChessBase"]
[SourceDate "2016.02.25"]
[SourceVersion "1"]
[SourceVersionDate "2016.02.25"]
[SourceQuality "1"]

1. e4 c6 2. d4 d5 3. Nc3 dxe4 4. Nxe4 Bf5 5. Ng3 Bg6 6. Nh3 e6 7. Nf4 Bd6 8. h4 Qc7 9. Nxg6 hxg6 10. Ne4 Nf6 11. Nxd6+ Qxd6 12. c3 Nbd7 13. Be2 0-0-0 14. g3 e5 15. Be3 e4 16. Qa4 Nd5 17. Bc1 e3 18. Qxa7 exf2+ 19. Kxf2 Rde8 20. Bf3 N7f6 21. Bd2 Nh5 22. Bxh5 Rxh5 23. Rae1 Rf5+ 24. Kg2 Rxe1 25. Rxe1 Nc7 26. c4 Ne6 27. Qa8+ Qb8 28. Qxb8+ Kxb8 29. Re4 Kc7 30. a4 Kd7 31. b4 b5 32. g4 Rf6 33. cxb5 cxb5 34. a5 Nc7 35. Rf4 Ke6 36. Rxf6+ gxf6 37. h5 gxh5 38. gxh5 f5 39. Kf3 Kf6 40. Bf4 Na6 41. Bd2 Nc7 42. h6 Kg6 43. Bf4 Na6 44. d5 Nxb4 45. d6 Nc6 46. d7 b4 47. a6 b3 48. Bc1 Ne5+ 49. Ke3 Nxd7 50. Kd3 Nc5+ 51. Kc3 Nxa6 52. Kxb3 Nc5+ 53. Kc4 Ne6 54. Kd5 f4 55. Ke4 f5+ 56. Kf3 Nd4+ 57. Kf2 Kxh6 58. Bxf4+ Kh5 59. Bb8 Kg4 60. Kg1 1/2-1/2

[Event "Birmingham 4NCL op-B 3rd"]
[Site "Birmingham"]
[Date "2015.07.18"]
[Round "3"]
[White "Malik, Faraz"]
[Black "Jayawarna, Nugith"]
[Result "1-0"]
[WhiteElo "1893"]
[BlackElo "1720"]
[PlyCount "139"]
[EventDate "2015.07.17"]
[EventType "swiss"]
[EventRounds "5"]
[EventCountry "ENG"]
[SourceTitle "CBM 167 Extra"]
[Source "ChessBase"]
[SourceDate "2015.09.14"]
[SourceVersion "1"]
[SourceVersionDate "2015.09.14"]
[SourceQuality "1"]

1. e4 c5 2. Nc3 e6 3. f4 Nc6 4. Nf3 a6 5. d3 Be7 6. g3 b5 7. Bg2 Bb7 8. 0-0 d5 9. e5 h5 10. h3 Nh6 11. Ne2 g6 12. Be3 d4 13. Bf2 Nb4 14. Qd2 Ra7 15. a3 Nd5 16. c3 dxc3 17. bxc3 Nf5 18. c4 Nb6 19. Qc2 Qa8 20. Ne1 Bxg2 21. Nxg2 Qc6 22. Ne3 h4 23. Nxf5 gxf5 24. Kh2 Rg8 25. Rg1 f6 26. cxb5 axb5 27. d4 c4 28. d5 exd5 29. Qxf5 fxe5 30. Qxe5 Rb7 31. Nd4 Qf6 32. Qxf6 Bxf6 33. Rae1+ Re7 34. Nxb5 hxg3+ 35. Rxg3 Rxg3 36. Rxe7+ Kxe7 37. Kxg3 Na4 38. Bd4 c3 39. Bxf6+ Kxf6 40. Nd4 Nc5 41. Kf3 Ne4 42. Ke3 Ke7 43. h4 Nc5 44. h5 Kf6 45. Nc2 Ne6 46. h6 d4+ 47. Ke4 d3 48. Kxd3 Nxf4+ 49. Kxc3 Kg6 50. a4 Nd5+ 51. Kd4 Nc7 52. a5 Na6 53. Kd5 Kxh6 54. Kc6 Kg6 55. Kb6 Nb8 56. Nb4 Nd7+ 57. Kc7 Nc5 58. Kc6 Nb3 59. a6 Nd4+ 60. Kb6 Nf5 61. a7 Ne7 62. a8Q Nd5+ 63. Qxd5 Kf6 64. Kc6 Kg7 65. Qf5 Kg8 66. Qd7 Kh8 67. Kd6 Kg8 68. Ke6 Kh8 69. Kf6 Kg8 70. Qg7# 1-0

[Event "Birmingham 4NCL op-B 1st"]
[Site "Birmingham"]
[Date "2015.01.31"]
[Round "2"]
[White "Malik, Faraz"]
[Black "Hartley, Dean"]
[Result "1-0"]
[WhiteElo "1896"]
[BlackElo "1817"]
[PlyCount "43"]
[EventDate "2015.01.30"]
[EventType "swiss"]
[EventRounds "5"]
[EventCountry "ENG"]
[SourceTitle "EXT 2023"]
[Source "ChessBase"]
[SourceDate "2022.10.05"]
[SourceVersion "1"]
[SourceVersionDate "2022.10.05"]
[SourceQuality "1"]

1. e4 c5 2. Nc3 Nc6 3. Bb5 Nd4 4. Bc4 g6 5. Nf3 Bg7 6. Nxd4 cxd4 7. Qf3 e6 8. Nb5 d6 9. Qa3 Be5 10. 0-0 Bd7 11. f4 Qb6 12. fxe5 Bxb5 13. Bxb5+ Qxb5 14. exd6 Rd8 15. d3 e5 16. Bg5 Rd7 17. Qxa7 Kf8 18. Qb8+ Kg7 19. Qe8 Qc6 20. Qxe5+ f6 21. Bxf6+ Nxf6 22. Qxf6+ 1-0

[Event "Leicester Atkins Memorial"]
[Site "Leicester"]
[Date "2014.11.30"]
[Round "5"]
[White "Malik, Faraz"]
[Black "Bowmer, Kevin"]
[Result "0-1"]
[WhiteElo "1898"]
[BlackElo "2085"]
[PlyCount "74"]
[EventDate "2014.11.28"]
[EventType "swiss"]
[EventRounds "5"]
[EventCountry "ENG"]
[SourceTitle "EXT 2023"]
[Source "ChessBase"]
[SourceDate "2022.10.05"]
[SourceVersion "1"]
[SourceVersionDate "2022.10.05"]
[SourceQuality "1"]

1. e4 c5 2. Nc3 g6 3. f4 Bg7 4. Nf3 Nc6 5. Bb5 Nd4 6. Bc4 e6 7. 0-0 Ne7 8. Nxd4 cxd4 9. Ne2 0-0 10. Bb3 d5 11. e5 Nc6 12. d3 f6 13. exf6 Bxf6 14. Bd2 Bd7 15. Be1 b5 16. Bg3 Ne7 17. Qd2 a5 18. a4 b4 19. Bf2 Nf5 20. Ng3 Ne3 21. Rfe1 Qb6 22. Nf1 Ng4 23. Bg3 Rae8 24. h3 Ne3 25. Bf2 Qd6 26. Bg3 Nf5 27. Bh2 Qb6 28. g4 Ne3 29. Kh1 Kh8 30. Rab1 Bc6 31. Bg3 e5 32. Kh2 exf4 33. Bxf4 Bh4 34. Bg3 Bxg3+ 35. Nxg3 Rf3 36. Re2 Qc7 37. Rg1 Rxg3 0-1

[Event "Sunningdale e2e4 U2050 op 05"]
[Site "Sunningdale"]
[Date "2014.05.24"]
[Round "3"]
[White "Bennett, Dominic"]
[Black "Malik, Faraz"]
[Result "0-1"]
[WhiteElo "1986"]
[BlackElo "1857"]
[PlyCount "76"]
[EventDate "2014.05.23"]
[EventType "swiss"]
[EventRounds "7"]
[EventCountry "ENG"]
[SourceTitle "EXT 2015"]
[Source "ChessBase"]
[SourceDate "2014.11.20"]
[SourceVersion "1"]
[SourceVersionDate "2014.11.20"]
[SourceQuality "1"]

1. c4 e5 2. g3 Nc6 3. Bg2 f5 4. Nc3 Nf6 5. a3 g6 6. d3 Bg7 7. b4 0-0 8. b5 Ne7 9. Qb3 Kh8 10. Nh3 d6 11. 0-0 c6 12. bxc6 bxc6 13. Rb1 Qc7 14. Bd2 h6 15. f4 e4 16. e3 d5 17. cxd5 cxd5 18. Qa4 Bd7 19. Qb4 Rfe8 20. Nb5 Bxb5 21. Qxb5 Rab8 22. Qa4 exd3 23. Rbc1 Qb6 24. Rce1 Ne4 25. Qa5 Rec8 26. Nf2 Nxd2 27. Qxd2 Bc3 28. Qxd3 Bxe1 29. Rxe1 Qa5 30. Qd4+ Kh7 31. Rd1 Qxa3 32. Bf1 Qc5 33. Qe5 Rb6 34. Nd3 Qd6 35. Qa1 Rc7 36. Bg2 Nc6 37. Ne5 Qc5 38. Rxd5 Qxe3+ 0-1

[Event "Coventry e2e4 U1950 op"]
[Site "Coventry"]
[Date "2013.08.26"]
[Round "6"]
[White "Malik, Faraz"]
[Black "Ireland, David J"]
[Result "1/2-1/2"]
[WhiteElo "1887"]
[BlackElo "1941"]
[PlyCount "92"]
[EventDate "2013.08.23"]
[EventType "swiss"]
[EventRounds "7"]
[EventCountry "ENG"]
[SourceTitle "EXT 2015"]
[Source "ChessBase"]
[SourceDate "2014.11.20"]
[SourceVersion "1"]
[SourceVersionDate "2014.11.20"]
[SourceQuality "1"]

1. e4 e5 2. Nc3 Nf6 3. Nf3 Nc6 4. a3 d6 5. h3 Be7 6. d4 0-0 7. d5 Nb8 8. Bd3 a5 9. 0-0 Nbd7 10. Be3 b6 11. Qe2 Nc5 12. Bxc5 bxc5 13. Nd2 g6 14. f4 Nh5 15. f5 Bg5 16. Qf2 Bh4 17. Qf3 Qg5 18. Nc4 Ba6 19. Ne2 Bxc4 20. Bxc4 Rae8 21. Kh2 Qh6 22. g3 Bg5 23. Bd3 Kh8 24. g4 Nf4 25. b3 Qh4 26. Nxf4 Bxf4+ 27. Kh1 Kg7 28. Kg2 Rh8 29. Qf2 Qg5 30. Be2 Be3 31. Qg3 Bf4 32. Qf2 Be3 33. Qg3 Bd4 34. Rad1 Qe3 35. Qxe3 Bxe3 36. h4 Bf4 37. Kf3 h6 38. a4 f6 39. Bb5 Re7 40. h5 gxh5 41. gxh5 Kf8 42. Rg1 Bg5 43. Rg2 Rg7 44. Rdg1 Ke7 45. Ke2 Ra8 46. Kd3 Rgg8 1/2-1/2

[Event "Coventry e2e4 U1950 op"]
[Site "Coventry"]
[Date "2013.08.24"]
[Round "3"]
[White "Malik, Faraz"]
[Black "Divilly, Paddy"]
[Result "1-0"]
[WhiteElo "1887"]
[BlackElo "1495"]
[PlyCount "101"]
[EventDate "2013.08.23"]
[EventType "swiss"]
[EventRounds "7"]
[EventCountry "ENG"]
[SourceTitle "EXT 2015"]
[Source "ChessBase"]
[SourceDate "2014.11.20"]
[SourceVersion "1"]
[SourceVersionDate "2014.11.20"]
[SourceQuality "1"]

1. e4 c5 2. Nc3 Nc6 3. Bb5 d6 4. Bxc6+ bxc6 5. d3 e5 6. f4 Nf6 7. Nf3 Qc7 8. 0-0 g6 9. fxe5 dxe5 10. h3 Bg7 11. Be3 Nd7 12. Qd2 0-0 13. Bh6 Qd6 14. Nh4 Nf6 15. Rf2 Be6 16. Raf1 Nd7 17. Nf5 Bxf5 18. exf5 f6 19. Ne4 Qe7 20. Be3 Rf7 21. Qc3 Bf8 22. Qc4 Kg7 23. fxg6 hxg6 24. Ng5 a6 25. Nxf7 Qxf7 26. Bh6+ Kg8 27. Qxf7+ Kxf7 28. Bxf8 Rxf8 29. Re1 Ke6 30. Re4 Nb6 31. Rh4 g5 32. Rh7 Nd7 33. g4 Rf7 34. Rxf7 Kxf7 35. Kg2 Ke6 36. Kf3 Nf8 37. h4 gxh4 38. Re2 Ng6 39. Re4 Nf4 40. Ra4 Kd5 41. Rxa6 Ne6 42. Ra8 Nd4+ 43. Kg2 Nxc2 44. Rd8+ Ke6 45. Kh3 Nb4 46. a4 Ke7 47. Rc8 Kd7 48. Rf8 Nxd3 49. Rxf6 c4 50. g5 Nxb2 51. g6 1-0